| 000 | 00658nam a22002292 4500 | ||
|---|---|---|---|
| 001 | 0000004261 | ||
| 005 | 20151217154346.0 | ||
| 008 | 070522s xx 000 0 eng d | ||
| 020 |
_a0071244484 : _cKES 3,200 |
||
| 040 |
_aKABU _cKABU |
||
| 050 | 0 |
_aHB139 _b.G85 2006 |
|
| 100 | 1 |
_aGujarati, Damodar N. _@0000149923 |
|
| 245 | 1 | 0 | _aEssentials of econometrics. |
| 250 | _a3rd ed. | ||
| 260 |
_aBoston : _bMcGraw-Hill, _c2006. |
||
| 300 | _axxii, 553 p. | ||
| 650 | 0 |
_aEconometrics. _@0000148275 |
|
| 650 | 0 |
_aEconomics _xStatistical methods. _@0000149882 |
|
| 908 | _a070522 | ||
| 950 | _@1 | ||
| 999 |
_c10748 _d10748 |
||